Development of a low-cost data logger for triaxial test of soil (Record no. 45655)

000 -LEADER
fixed length control field 00492nam a22001697a 4500
001 - CONTROL NUMBER
control field 45655
003 - CONTROL NUMBER IDENTIFIER
control field BD-DhUET
008 - FIXED-LENGTH DATA ELEMENTS--GENERAL INFORMATION
fixed length control field 260421b xxu||||| |||| 00| 0 eng d
040 ## - CATALOGING SOURCE
Transcribing agency 0
Modifying agency BD-DhUET
100 ## - MAIN ENTRY--PERSONAL NAME
Personal name Masudur Rahman, Md.
245 ## - TITLE STATEMENT
Title Development of a low-cost data logger for triaxial test of soil
260 ## - PUBLICATION, DISTRIBUTION, ETC. (IMPRINT)
Place of publication, distribution, etc. Dhaka
Name of publisher, distributor, etc. Institute of Information and Communication Technology, BUET
Date of publication, distribution, etc. 2025
300 ## - PHYSICAL DESCRIPTION
Extent xii, 58p.
501 ## - WITH NOTE
With note One CD-ROM
504 ## - BIBLIOGRAPHY, ETC. NOTE
Bibliography, etc Includes bibliographies
942 ## - ADDED ENTRY ELEMENTS (KOHA)
Koha item type Thesis
Holdings
Shelving location Price effective from Source of classification or shelving scheme Not for loan Damaged status Lost status Koha item type Withdrawn status Sublocation or collection (holding branch) Koha date last seen Copy number Location (home branch) Piece designation (barcode) Date acquired
Acquisition section2026-04-21    Thesis Central Library, BUET2026-04-211Central Library, BUET1210192026-04-21